| 000 | 00993cam a2200145 4500500 | ||
|---|---|---|---|
| 005 | 20260329041856.0 | ||
| 041 | _afre | ||
| 042 | _adc | ||
| 100 | 1 | 0 |
_aPayen, Catherine _eauthor |
| 700 | 1 | 0 |
_aGras, Pierre _eauthor |
| 245 | 0 | 0 | _aVilles, voyages, voyageurs |
| 260 |
_bL'Harmattan,
_c2005. |
||
| 520 | _aCet ouvrage est le reflet des débats qui ont animé la rencontre «Villes, voyages, voyageurs  ; regards sur l’Autre et l’ailleurs«, organisée dans le cadre de la première Biennale de la ville et du voyage qui s’est déroulée à Villeurbanne. Cette rencontre se proposait de»croiser les regards«sur un horizon urbain fortement marqué par la croissance des échanges touristiques et par l’impact de la mondialisation. Ce volume constitue ainsi une invitation collective à la poursuite du débat sur le devenir de la civilisation urbaine. | ||
| 856 | 4 | 1 | _uhttps://shs.cairn.info/villes-voyages-voyageurs--9782747580199?lang=fr&redirect-ssocas=7080 |
| 999 |
_c1982316 _d1982316 |
||